00573nam a2200109Ia 4500008004100000245002400041300022300065650002800288856005600316999001900372952007200391170517s9999 xx 000 0 und d aTrading on Thin Air aTrading on Thin Air explains the methods used by the financial oligarchy in the past to extract the wealth of the nation and shows how the same strategy is being used today to subvert a movement for conservation and... xBusiness and Economics. uhttp://topdocumentaryfilms.com/trading-on-thin-air/ c333332d333332 001040aCLbCLd2017-05-17l0r2017-05-17 00:00:00w2017-05-17yDF